Statistiques concernant Membres originaux des équipes Marvel #2

Cliquez ici pour prendre le quiz!

Statistiques générales

  • Ce quiz a été pris 84 fois
  • Le résultat moyen est 8 sur 16

Statistiques - réponses

Réponse% Correct
Iron Man
73%
Docteur Strange
61%
Docteur Strange
61%
Docteur Octopus
60%
Electro
59%
Professeur Xavier
57%
Le Vautour
55%
Flèche Noire
53%
L’Homme-Sable
53%
Mr Fantastique
53%
Namor
43%
Namor
43%
Hulk
39%
Mystério
37%
Kraven le chasseur
17%
Le Surfeur d’argent
15%

Distribution des résultats

Percentile par nombre de réponses

% des personnes avec chaque résultat

Votre développement - résultats

Vous n’avez pas pris ce quiz